Countries that use Euro currency - Statistics

General Stats
  • This quiz has been taken 15 times
  • The average score is 23 of 26
Answer Stats
Answer % Correct
Austria
93%
Belgium
93%
Croatia
93%
Cyprus
93%
Germany
93%
Greece
93%
Monaco
93%
Netherlands
93%
San Marino
93%
Slovakia
93%
Slovenia
93%
Spain
93%
Vatican
93%
Andorra
87%
Ireland
87%
Italy
87%
Latvia
87%
Lithuania
87%
Luxembourg
87%
Malta
87%
Portugal
87%
Estonia
80%
Finland
80%
France
73%
Montenegro
73%
Kosovo
60%
No matching quizzes found
Score Distribution
Percent of People with Each Score
Percentile by Number Answered
Your Score History
You have not taken this quiz